00594nam a2200181 u 450000100100000000500170001000800410002704000250006808200210009310000340011424500830014825000110023126000320024230000210027450400370029565000630033299900170039500002037320200929170405.0100806s1957 dr r 000 0 spa d aDO-SdBNPbspacBNPHU a371bA786p, 19571 aArtero Bernad, Félix94303310aPreparación y control de las actividades escolares /cFélix Artero Bernad. a2a ed. aMéxico :bHerrero,c1957. a197 p. ;c20 cm. aIncluye bibliografías [p. 191] 4aActivides creativas y trabajo de clasexEnseñanza943034 c19877d19877